Štruktúra pracovnej skupiny ako východisko pre aplikáciu projektového manažmentu vo firme
Formálne a neformálne štruktúry v pracovných kolektívoch. Základné vlastnosti organizovanej skupiny. Cieľové zameranie pracovnej skupiny.
Enregistré dans:
| Auteur principal: | |
|---|---|
| Format: | Chapitre de livre |
| Langue: | slovaque |
| Sujets: | |
| Tags: |
Pas de tags, Soyez le premier à ajouter un tag!
|
MARC
| LEADER | 00000naa a2200000 4500 | ||
|---|---|---|---|
| 001 | r047401 | ||
| 005 | 20240502071341.8 | ||
| 041 | 0 | |a slo | |
| 044 | |a SK | ||
| 245 | 1 | 0 | |a Štruktúra pracovnej skupiny ako východisko pre aplikáciu projektového manažmentu vo firme |c Hana Adamková |
| 520 | |a Formálne a neformálne štruktúry v pracovných kolektívoch. Základné vlastnosti organizovanej skupiny. Cieľové zameranie pracovnej skupiny. | ||
| 610 | 2 | 0 | |a tímy pracovné |
| 610 | 2 | 0 | |a skupiny pracovné |
| 610 | 2 | 0 | |a manažment |
| 610 | 2 | 0 | |a produktivita práce |
| 610 | 2 | 0 | |a vzťahy medziľudské |
| 100 | 1 | |a Adamková, Hana, 1969- | |